Countries With A South China Sea Coastline - Statistics

General Stats
  • This quiz has been taken 24 times
  • The average score is 9 of 9
Answer Stats
Answer % Correct
Indonesia
100%
Malaysia
100%
Thailand
100%
Vietnam
100%
Brunei
96%
China
96%
Philippines
96%
Cambodia
92%
Singapore
88%
No matching quizzes found
Score Distribution
Percent of People with Each Score
Percentile by Number Answered
Your Score History
You have not taken this quiz